<?xml version="1.0" encoding="UTF-8"?>
<record
    xmlns:xsi="http://www.w3.org/2001/XMLSchema-instance"
    xsi:schemaLocation="http://www.loc.gov/MARC21/slim http://www.loc.gov/standards/marcxml/schema/MARC21slim.xsd"
    xmlns="http://www.loc.gov/MARC21/slim">

  <leader>03725nam a2200301 a 4500</leader>
  <controlfield tag="001">000034720</controlfield>
  <controlfield tag="005">20240503185327.0</controlfield>
  <controlfield tag="008">111019s1965    mx            000 0 spa d</controlfield>
  <datafield tag="040" ind1=" " ind2=" ">
    <subfield code="a">DO-SdBNP</subfield>
    <subfield code="b">spa</subfield>
    <subfield code="c">BNPHU</subfield>
  </datafield>
  <datafield tag="082" ind1=" " ind2=" ">
    <subfield code="a">330.9</subfield>
    <subfield code="b">H673e</subfield>
  </datafield>
  <datafield tag="240" ind1="1" ind2="0">
    <subfield code="a">Ekonomicheskaja istorija kapitalisticheskikh i slaborazvitykh stran</subfield>
    <subfield code="l">espa&#xF1;ol</subfield>
  </datafield>
  <datafield tag="245" ind1="0" ind2="0">
    <subfield code="a">Historia econ&#xF3;mica de los pa&#xED;ses capitalistas /</subfield>
    <subfield code="c">direcci&#xF3;n general Y. F. Avdakov, F. Y. Polianski ; traductor Luis A. Vargas.</subfield>
  </datafield>
  <datafield tag="250" ind1=" " ind2=" ">
    <subfield code="a">1a. ed espa&#xF1;ol</subfield>
  </datafield>
  <datafield tag="260" ind1=" " ind2=" ">
    <subfield code="a">M&#xE9;xico :</subfield>
    <subfield code="b">Grijalbo,</subfield>
    <subfield code="c">1965.</subfield>
  </datafield>
  <datafield tag="300" ind1=" " ind2=" ">
    <subfield code="a">xi, 590 p. ;</subfield>
    <subfield code="c">22 cm.</subfield>
  </datafield>
  <datafield tag="490" ind1="0" ind2=" ">
    <subfield code="a">Ciencias econ&#xF3;micas y sociales</subfield>
  </datafield>
  <datafield tag="500" ind1=" " ind2=" ">
    <subfield code="a">Traducido del ruso</subfield>
  </datafield>
  <datafield tag="500" ind1=" " ind2=" ">
    <subfield code="a">&#xCD;ndice de nombres: p. 587.</subfield>
  </datafield>
  <datafield tag="505" ind1="0" ind2=" ">
    <subfield code="g">&#xC9;poca de la esclavitud.</subfield>
    <subfield code="t">Desarrollo econ&#xF3;mico del antiguo Egipto --</subfield>
    <subfield code="t">Historia econ&#xF3;mica de Babilonia --</subfield>
    <subfield code="t">La econom&#xED;a de la antigua India --</subfield>
    <subfield code="t">La econom&#xED;a de la Grecia antigua --</subfield>
    <subfield code="t">El desarrollo econ&#xF3;mico de la Roma antigua --</subfield>
    <subfield code="g">La &#xE9;poca del feudalismo.</subfield>
    <subfield code="g">A-G&#xE9;nisis del feudalismo en la alta edad media.</subfield>
    <subfield code="t">Desarrollo del feudalismo en la India --</subfield>
    <subfield code="t">Premisas y consecuencias econ&#xF3;micas de las conquistas &#xE1;rabes --</subfield>
    <subfield code="t">Historia econ&#xF3;mica de Bizancio --</subfield>
    <subfield code="t">Desarrollo del feudalismo en el reino de los Francos --</subfield>
    <subfield code="g">B- Desarrollo del feudalismo en la alta edad media.</subfield>
    <subfield code="t">El r&#xE9;gimen se&#xF1;orial en Francia en los siglos XI al XV --</subfield>
    <subfield code="t">El desarrollo del feudalismo en Alemania --</subfield>
    <subfield code="t">El desarrollo del feudalismo en Inglaterra --</subfield>
    <subfield code="t">La ciudad medieval en los siglos XI al XV --</subfield>
    <subfield code="t">Desarrollo del feudalismo en la India en los siglos XI al XV --</subfield>
    <subfield code="g">C - La descomposici&#xF3;n del feudalismo en la baja edad media.</subfield>
    <subfield code="t">Premisas y consecuencias de los grandes descubrimientos geogr&#xE1;ficos --</subfield>
    <subfield code="t">El desarrollo econ&#xF3;mico de Francia en los siglos XVI y XVII --</subfield>
    <subfield code="t">Renacimiento del feudalismo en Alemania durante los siglos XVI y XVII --</subfield>
    <subfield code="g">La &#xE9;poca del capitalismo premonopolista --</subfield>
    <subfield code="t">La revoluci&#xF3;n agraria de Inglaterra en el siglo XVI --</subfield>
    <subfield code="t">El desarrollo econ&#xF3;mico de Holanda en los siglos XVII y XVIII --</subfield>
    <subfield code="t">La revoluci&#xF3;n industrial en Inglaterra --</subfield>
    <subfield code="t">El derrocamiento revolucionario del r&#xE9;gimen feudal y el desarrollo del capitalismo en Francia (1789-1870) --</subfield>
    <subfield code="t">Desarrollo econ&#xF3;mico de los Estados Unidos en el periodo del triunfo y expansi&#xF3;n del capitalismo --</subfield>
    <subfield code="t">Las reformas agrarias y la revoluci&#xF3;n industrial en Alemania --</subfield>
    <subfield code="t">Comienzo de la esclavizaci&#xF3;n colonial de la India --</subfield>
  </datafield>
  <datafield tag="504" ind1="0" ind2=" ">
    <subfield code="g">Per&#xED;odo del capitalismo.</subfield>
    <subfield code="t">La econom&#xED;a de Estados Unidos a fines del siglo XIX y comienzos del siglo XX --</subfield>
    <subfield code="t">El desarrollo econ&#xF3;mico de Alemania a fines del siglo XIX y comienzos del XX --</subfield>
    <subfield code="t">La econom&#xED;a de Inglaterra a fines del siglo XIX y comienzos del XX --</subfield>
    <subfield code="t">La econom&#xED;a de Francia a fines del siglo XIX y comienzos del XX --</subfield>
    <subfield code="t">El desarrollo econ&#xF3;mico del Jap&#xF3;n a fines del siglo XIX y comienzos del XX --</subfield>
    <subfield code="t">La econom&#xED;a de la India bajo el yugo del colonialismo --</subfield>
    <subfield code="t">La crisis del capitalismo en Estados Unidos (1918-1961) --</subfield>
    <subfield code="t">La crisis del capitalismo en Inglaterra (1918-1961) --</subfield>
    <subfield code="t">La crisis del capitalismo en Francia (1918-1961) --</subfield>
    <subfield code="t">La crisis del capitalismo en Alemania (1918-1945) --</subfield>
    <subfield code="t">La econom&#xED;a de la Rep&#xFA;blica Federal Alemana --</subfield>
    <subfield code="t">El desarrollo econ&#xF3;mico de Italia en el periodo del imperialismo --</subfield>
    <subfield code="t">La econom&#xED;a del Jap&#xF3;n en el periodo de la crisis general del capitalismo --</subfield>
    <subfield code="t">La econom&#xED;a de India en el periodo de la crisis general del capitalismo --</subfield>
    <subfield code="t">El desarrollo econ&#xF3;mico de la Rep&#xFA;blica de Indonesia.</subfield>
  </datafield>
  <datafield tag="650" ind1=" " ind2="4">
    <subfield code="a">Capitalismo</subfield>
    <subfield code="x">Historia</subfield>
    <subfield code="9">3851</subfield>
  </datafield>
  <datafield tag="650" ind1=" " ind2="0">
    <subfield code="a">Historia econ&#xF3;mica</subfield>
    <subfield code="9">1620</subfield>
  </datafield>
  <datafield tag="700" ind1="1" ind2=" ">
    <subfield code="a">AVDAKOV, Y. F.</subfield>
    <subfield code="9">60176</subfield>
  </datafield>
  <datafield tag="700" ind1="1" ind2=" ">
    <subfield code="a">POLIANSKI, F. Y.</subfield>
    <subfield code="9">60177</subfield>
  </datafield>
  <datafield tag="700" ind1="1" ind2=" ">
    <subfield code="a">VARGAS, LUIS A.</subfield>
    <subfield code="e">tr.</subfield>
    <subfield code="9">60178</subfield>
  </datafield>
  <datafield tag="830" ind1=" " ind2="0">
    <subfield code="a">Ciencias econ&#xF3;micas y sociales</subfield>
    <subfield code="9">60179</subfield>
  </datafield>
  <datafield tag="910" ind1=" " ind2=" ">
    <subfield code="a">Validado. Control de calidad BNPHU.</subfield>
  </datafield>
  <datafield tag="952" ind1=" " ind2=" ">
    <subfield code="0">0</subfield>
    <subfield code="1">0</subfield>
    <subfield code="5">0</subfield>
    <subfield code="7">1</subfield>
    <subfield code="8">MO</subfield>
    <subfield code="a">GR</subfield>
    <subfield code="b">GR</subfield>
    <subfield code="c">HD</subfield>
    <subfield code="d">2011-10-19</subfield>
    <subfield code="i">LF1</subfield>
    <subfield code="l">0</subfield>
    <subfield code="o">330.9 H673e</subfield>
    <subfield code="p">34720-10</subfield>
    <subfield code="r">2020-06-25</subfield>
    <subfield code="w">2020-06-25</subfield>
    <subfield code="y">1</subfield>
    <subfield code="z">Perteneci&#xF3; a la biblioteca personal de Juan Isidro Jimenes Grull&#xF3;n</subfield>
    <subfield code="Z">No se presta</subfield>
  </datafield>
  <datafield tag="999" ind1=" " ind2=" ">
    <subfield code="c">34211</subfield>
    <subfield code="d">34211</subfield>
  </datafield>
</record>
